Liedtext - Blau wie das Meer - Mr. Hurley & Die Pulveraffen - Statistiken

Allgemein
  • Dieses Quiz wurde 19 mal gespielt
  • Das Durchschnittsergebnis liegt bei 225 aus 342
Antwortstatistiken
Antwort % Korrekt
blau
100%
da
100%
das
100%
Meer
100%
wie
100%
Voll
93%
Der
86%
der
86%
die
86%
sind
86%
auf
79%
den
79%
Er
79%
so
79%
Und
79%
und
79%
uns
79%
Wir
79%
wir
79%
Ärsche
71%
Breit
71%
ein
71%
Laderaum
71%
'ne
71%
Tortuga
71%
unser
71%
von
71%
Weibern
71%
als
64%
bin
64%
Bord
64%
dichter
64%
Horn
64%
ich
64%
Ich
64%
Kap
64%
Nebel
64%
Sie
64%
vor
64%
wär
64%
war
64%
Bordgeschütz
57%
Flasche
57%
Für
57%
für
57%
Geladen
57%
in
57%
In
57%
meine
57%
mir
57%
muss
57%
Muss
57%
über
57%
Bett
50%
dass
50%
Frau
50%
Kapitän
50%
Korken
50%
leer
50%
liegt
50%
meinem
50%
meiner
50%
mit
50%
nach
50%
nackt
50%
sehen
50%
Vom
50%
was
50%
drei
43%
einen
43%
fällt
43%
gemacht
43%
hab
43%
Hätte
43%
Koje
43%
mich
43%
nicht
43%
noch
43%
platz
43%
Rum
43%
Schon
43%
Tag
43%
trinken
43%
um
43%
wache
43%
wenig
43%
wo
43%
X'en
43%
zu
43%
zum
43%
an
36%
bangt
36%
Buddel
36%
darauf
36%
drehe
36%
gedacht
36%
gestern
36%
Gott
36%
im
36%
nur
36%
Ozean
36%
passiert
36%
salzig
36%
Seele
36%
sein
36%
Steuerbord
36%
tränke
36%
verkauft
36%
viel
36%
Wasser
36%
wohl
36%
appelliert
29%
daran
29%
Doch
29%
dran
29%
eingeschlafen
29%
erinnern
29%
Gelage
29%
gewesen
29%
jeden
29%
kann
29%
kurz
29%
länger
29%
lebendig
29%
Leber
29%
liegen
29%
Malheur
29%
Matrosen
29%
morgens
29%
nippen
29%
sagt
29%
Schiffsarzt
29%
Schiffsjunge
29%
Seemannsgrab
29%
Vernunft
29%
will
29%
Abend
21%
Darum
21%
gehabt
21%
gießt
21%
große
21%
Habe
21%
trostlos
21%
Keine übereinstimmenden Quizze gefunden
Verteilung der Resultate
Anzahl Personen mit jedem Resultat
Perzentil nach korrekt beantworteten Fragen
Ihre Resultats-Entwicklung
Sie haben dieses Quiz noch nicht gespielt